| 000 | 00972nac a22002771i 4500 | ||
|---|---|---|---|
| 003 | EG-ScBUE | ||
| 005 | 20240610123550.0 | ||
| 008 | 240610s2001 couab f b 001 0 eng d | ||
| 020 | _a1555876986 (pbk. : alk. paper) | ||
| 020 | _a9781555876982 | ||
| 040 |
_aEG-ScBUE _beng _erda _cEG-ScBUE _dEG-ScBUE |
||
| 043 | _af-sl--- | ||
| 082 | 0 | 4 |
_a966.4 _bHIR _222 |
| 100 | 1 |
_aHirsch, John L., _eauthor. |
|
| 245 | 1 | 0 |
_aSierra Leone : _bdiamonds and the struggle for democracy / _cJohn L. Hirsch. |
| 264 | 1 |
_aBoulder, Colorado : _bL. Rienner, _c2001. |
|
| 300 |
_a175 pages : _billustrations, maps ; _c23 cm |
||
| 336 |
_2rdacontent _atext _btxt |
||
| 337 |
_aunmediated _2rdamedia _bn |
||
| 338 |
_avolume _bnc _2rdacarrier |
||
| 504 | _aIncludes bibliographical references and index. | ||
| 651 | 7 |
_2BUEsh _aSierra Leone _xHistory _yCivil War, 1991-2002. |
|
| 651 | 7 |
_2BUEsh _aSierra Leone _xPolitics and government _y1961- |
|
| 655 | _vReading book | ||
| 942 |
_cBB _2ddc |
||
| 999 |
_c5401 _d5401 |
||